Prácticas de psicología de la memoria
محفوظ في:
| المؤلفون الرئيسيون: | , , |
|---|---|
| التنسيق: | كتاب |
| اللغة: | الإسبانية |
| منشور في: |
Madrid
Alianza
1999
|
| سلاسل: | Colección Psicología y Educación, 56
|
| الموضوعات: | |
| الوسوم: |
إضافة وسم
لا توجد وسوم, كن أول من يضع وسما على هذه التسجيلة!
|
MARC
| LEADER | 00000nam a2200000 a 4500 | ||
|---|---|---|---|
| 001 | UCO3913 | ||
| 003 | CL-VaPUC | ||
| 008 | 000728e19990000SP |||||||||||||||||spa|d | ||
| 082 | 0 | 4 | |a 153.1 |b SAN |2 21 |
| 100 | 0 | |a Sánchez Cábaco, Antonio |e author |9 447949 | |
| 700 | 0 | |a Arana Martínez, José María |e author |9 447950 | |
| 700 | 0 | |a Crespo León, Antonio |e author |9 447951 | |
| 245 | 1 | 0 | |a Prácticas de psicología de la memoria |
| 300 | |a 338 p | ||
| 942 | |c BK | ||
| 945 | |d 20000728 00:00:00 |a rbrito | ||
| 260 | |a Madrid |b Alianza |c 1999 | ||
| 650 | 0 | |a Memoria |9 266549 | |
| 650 | 0 | |a Cognición |9 270347 | |
| 650 | 0 | |a Inteligencia |9 267038 | |
| 650 | 0 | |a Mnemotecnia |9 310301 | |
| 650 | 0 | |a Psicología del aprendizaje |9 306854 | |
| 583 | |a last modification |c 20000728 00:00:00 |k Rodrigo Vera | ||
| 490 | 0 | |a Colección Psicología y Educación, 56 | |
| 999 | |c 290028 |d 290026 | ||
| 952 | |0 0 |1 0 |4 0 |6 153_100000000000000_SAN_1999 |7 0 |8 A |9 339141 |a BIBEDU |b BIBEDU |d 2019-11-20 |i 3630773 |o 153.1 SAN 1999 |p 3630773 |r 2019-11-20 |w 2019-11-20 |y BK |k PSI | ||